000 01275nam a2200253Ia 4500
999 _c55855
_d55855
001 22952
003 GE_BSU
005 20230612120258.0
008 181216s ||||ge |||||||||||||| ||geo||
040 _cGE_BSU
041 _ageo
080 _a821.353.1'01.09 კ-38
100 _aკეკელიძე, კორნელი
_918631
245 _aძველი ქართული ლიტერატურის ისტორია ორ ტომად : ტ. 1 /
_cკორნელი კეკელიძე ; რედ. ალ.ბარამიძე.
264 _aთბილისი :
_bმეცნიერება,
_c1980.
300 _a719 გვ. ;
_c1 ფ. პორტრ.
500 _aთხზულებანი და დამოწმებული ლიტ-რა : გვ. 671-706
541 _h10ლ.72თ
653 _aძველი ქართული ლიტერატურის ისტორია
653 _aძველი ქართული ლიტერატურის ისტორია. ტ. 1
653 _aძველი ქარტული ლიტერატურა
700 _aბარამიძე, ალ.
_eრედაქტორი
_94433
942 _cBK
_2udc